Statistiques concernant Disney paroles - Thomas O'Mallet (Les Aristochats)

Cliquez ici pour prendre le quiz!

Statistiques générales

  • Ce quiz a été pris 70 fois
  • Le résultat moyen est 130 sur 204

Statistiques - réponses

Réponse% Correct
de
98%
le
98%
chat
97%
gouttière.
97%
O'malley
95%
je
93%
Je
93%
ce
92%
c'est
92%
C'est
92%
Thomas
92%
un
90%
La
89%
la
89%
moi
89%
moi.
89%
A
87%
ma
85%
désiré
79%
fais
79%
suis
79%
Walter
77%
Walter.
77%
beau
75%
les
75%
me
75%
Ou
75%
ou
75%
que
75%
Et
74%
et
74%
grand
74%
qui
74%
Si
74%
si
74%
gros
72%
mais
72%
vous
72%
voyageur.
72%
du
69%
ronron
69%
rue.
69%
pizza
67%
ça.
66%
ça
66%
J'adore
66%
J'suis
66%
Oui
64%
devant
62%
pas
62%
poisson.
62%
comme
61%
Comme
61%
manger
61%
ainsi
59%
dans
59%
cité.
57%
mes
57%
paella
57%
rues
56%
doigt.
54%
mal.
54%
pour
54%
signe
54%
tous
52%
l'élite
51%
lui
51%
se
51%
trop
51%
bon
49%
sociale,
49%
Aussi
48%
aussi
48%
aux
48%
balader
48%
est
48%
l'air.
48%
mon
48%
minettes
46%
Quand
46%
chance
44%
fille
44%
Ouai !
44%
frères
43%
vois
43%
vrai
43%
petites
41%
proclame.
41%
roi
41%
convient.
39%
fraîcheur
39%
j'en
39%
votre
39%
quoi
38%
homme.
36%
Giuseppe
34%
magnifique,
34%
m'appartient.
34%
planète
34%
heureux
33%
N'est-ce
33%
promène,
33%
complice
31%
emprunter.
31%
inquiéter
31%
j'dois
31%
rêves,
31%
route
31%
aller
30%
but,
30%
chemin
30%
d'imprévus.
30%
n'allez
30%
préoccuper
30%
qu'il
30%
saurais
30%
unique.
30%
fière.
28%
Jouant
28%
raffole
28%
Rome,
28%
Calcutta
26%
dîtes-vous ?
26%
Gouttant
26%
qu'en
26%
Ouais.
25%
Ouais
25%
vis
25%
n'ai
23%
l'aimer.
21%
veuille
21%
désirés,
15%
printanières.
15%
d'herbes
8%
J'aodre
5%

Distribution des résultats

Percentile par nombre de réponses

% des personnes avec chaque résultat

Votre développement - résultats

Vous n’avez pas pris ce quiz